Научному журналу РАН "Региональная экология" - 10 лет; Известия Томского политехнического университета [Известия ТПУ]; Т. 306, № 6
| Parent link: | Известия Томского политехнического университета [Известия ТПУ]/ Томский политехнический университет (ТПУ).— , 2000- Т. 306, № 6.— 2003.— [С. 160-163] |
|---|---|
| Hovedforfatter: | |
| Andre forfattere: | |
| Summary: | Заглавие с титульного листа Электронная версия печатной публикации |
| Sprog: | russisk |
| Udgivet: |
2003
|
| Serier: | Хроника |
| Fag: | |
| Online adgang: | http://www.lib.tpu.ru/fulltext/v/Bulletin_TPU/2003/v306/i6/36.pdf |
| Format: | MixedMaterials Electronisk Book Chapter |
| KOHA link: | https://koha.lib.tpu.ru/cgi-bin/koha/opac-detail.pl?biblionumber=168019 |
MARC
| LEADER | 00000nla2a2200000 4500 | ||
|---|---|---|---|
| 001 | 168019 | ||
| 005 | 20231031162956.0 | ||
| 035 | |a (RuTPU)RU\TPU\book\182294 | ||
| 035 | |a RU\TPU\book\182293 | ||
| 090 | |a 168019 | ||
| 100 | |a 20091023d2003 k y0rusy50 ca | ||
| 101 | 0 | |a rus | |
| 102 | |a RU | ||
| 135 | |a drnn ---uucaa | ||
| 181 | 0 | |a i | |
| 182 | 0 | |a b | |
| 200 | 1 | |a Научному журналу РАН "Региональная экология" - 10 лет |b Электронный ресурс |f О. П. Литовка, М. М. Федоров | |
| 203 | |a Текст |c электронный | ||
| 215 | |a 1 файл (625 Кб) | ||
| 225 | 1 | |a Хроника | |
| 230 | |a Электронные текстовые данные (1 файл : 625 Кб) | ||
| 300 | |a Заглавие с титульного листа | ||
| 300 | |a Электронная версия печатной публикации | ||
| 337 | |a Adobe Reader | ||
| 461 | 1 | |0 (RuTPU)RU\TPU\book\176237 |t Известия Томского политехнического университета [Известия ТПУ] |f Томский политехнический университет (ТПУ) |d 2000- | |
| 463 | 1 | |0 (RuTPU)RU\TPU\book\182122 |t Т. 306, № 6 |v [С. 160-163] |d 2003 |p 167 с. | |
| 610 | 1 | |a электронный ресурс | |
| 610 | 1 | |a информационные обзоры | |
| 610 | 1 | |a региональная экология | |
| 610 | 1 | |a экологические проблемы | |
| 700 | 1 | |a Литовка |b О. П. |g Олег Петрович | |
| 701 | 1 | |a Федоров |b М. М. | |
| 801 | 1 | |a RU |b 63413507 |c 20090623 |g PSBO | |
| 801 | 2 | |a RU |b 63413507 |c 20210527 |g PSBO | |
| 856 | 4 | |u http://www.lib.tpu.ru/fulltext/v/Bulletin_TPU/2003/v306/i6/36.pdf | |
| 942 | |c CF | ||